| 000 | 01405nam a2200373Ia 4500 | ||
|---|---|---|---|
| 001 | ebr10678829 | ||
| 003 | CaPaEBR | ||
| 006 | m u | ||
| 007 | cr cn||||||||| | ||
| 008 | 121003s2013 mau sb 001 0 eng d | ||
| 010 | _z 2012036428 | ||
| 020 | _z0262019116 (hardcover : alk. paper) | ||
| 020 | _z9780262019118 (hardcover : alk. paper) | ||
| 020 | _z9780262314336 (ebook) | ||
| 040 |
_aCaPaEBR _cCaPaEBR |
||
| 035 | _a(OCoLC)834136729 | ||
| 050 | 1 | 4 | _aBF408.B565 2013eb |
| 082 | 0 | 4 |
_a153.3 _223 |
| 100 | 1 | _aBogdan, Radu J. | |
| 245 | 1 | 0 |
_aMindvaults _h[electronic resource] : _bsociocultural grounds for pretending and imagining / _cRadu J. Bogdan. |
| 246 | 3 | _aMind vaults | |
| 260 |
_aCambridge, Mass. : _bMIT Press, _cc2013. |
||
| 300 | _axxi, 236 p. | ||
| 504 | _aIncludes bibliographical references (p. 221-232) and index. | ||
| 533 |
_aElectronic reproduction. _bPalo Alto, Calif. : _cebrary, _d2013. _nAvailable via World Wide Web. _nAccess may be limited to ebrary affiliated libraries. |
||
| 650 | 0 | _aImagination in children. | |
| 650 | 0 | _aImagination. | |
| 650 | 0 | _aSocial cognitive theory. | |
| 650 | 0 | _aSocial perception. | |
| 650 | 0 | _aSocial psychology. | |
| 655 | 7 |
_aElectronic books. _2local |
|
| 710 | 2 | _aebrary, Inc. | |
| 856 | 4 | 0 |
_uhttp://site.ebrary.com/lib/rucke/Doc?id=10678829 _zAn electronic book accessible through the World Wide Web; click to view |
| 999 |
_c59940 _d59940 |
||